Statistics for SI-Prefixes

Click here to take the quiz!

General Stats

  • This quiz has been taken 108 times
  • The average score is 16 of 20

Answer Stats

ValuePrefix% Correct
1 000kilo
99%
1 000 000mega
97%
1 000 000 000giga
97%
0.001milli
96%
0.000 000 001nano
95%
0.000 001micro
93%
0.01centi
93%
0.1deci
92%
1 000 000 000 000tera
92%
0.000 000 000 001pico
84%
1 000 000 000 000 000peta
81%
1 000 000 000 000 000 000 000zetta
81%
1 000 000 000 000 000 000 000 000yotta
75%
10deca
75%
0.000 000 000 000 001femto
74%
100hecto
62%
1 000 000 000 000 000 000exa
56%
0.000 000 000 000 000 001atto
51%
0.000 000 000 000 000 000 000 001yocto
36%
0.000 000 000 000 000 000 001zepto
32%

Score Distribution

Percentile by Number Answered

Percent of People with Each Score

Your Score History

You have not taken this quiz